Monitoreo regional para la gestión integral del recurso hídrico : (Registro nro. 8412)

Detalles MARC
000 -CABECERA
Campo de control 01056nam a22002417a 4500
005 - FECHA Y HORA DE LA ULTIMA TRANSACCION
Campo de control 20140429165133.0
008 - ELEMENTOS DE LONGITUD FIJA—INFORMACION GENERAL
Campo de control 140429b ck ||||| |||| 00| 0 spa d
020 ## - ISBN
ISBN 9789587221091
041 ## - IDIOMA
Código de idioma para texto/pista de sonido o título separado Español
044 ## - PAÍS DE PUBLICACIÓN
País de publicación Colombia
082 04 - NUMERO DE CLASIFICACION DECIMAL DEWEY
Número de clasificación 333.91
Número del ítem M74
245 00 - MENCION DE TITULO
Título Monitoreo regional para la gestión integral del recurso hídrico :
Parte restante del título implementación de la guía "Paso a paso" en el área de jurisdicción de CORPOCALDAS
260 ## - PUBLICACION, DISTRIBUCION, ETC. (PIE DE IMPRENTA)
Lugar de publicación, distribución, etc. Pereira
Nombre del editor, distribuidor, etc. Corpocaldas
-- Universidad Tecnológica de Pereira
Fecha de publicación, distribución, etc. [?]
300 ## - DESCRIPCION FISICA
Extensión 120 p.
Otros detalles físicos tablas
Dimensiones 24 cm.
505 ## - NOTA DE CONTENIDO
Nota de contenido Monitoreo de los recursos hídricos y su relación con la gestión integrada pag 12
505 ## - NOTA DE CONTENIDO
Nota de contenido Implementación del paso a paso en el área de jurisdicción de Corpocaldas pag 23
505 ## - NOTA DE CONTENIDO
Nota de contenido Articulación al sistema de información del recurso hídrico pag 94
650 4# - ASIENTO SECUNDARIO DE MATERIA - TERMINO TEMATICO
Término temático o nombre geográfico como elemento de entrada Calidad del agua de ríos
Subdivisión general Monitoreo
650 4# - ASIENTO SECUNDARIO DE MATERIA - TERMINO TEMATICO
Término temático o nombre geográfico como elemento de entrada Recursos hídricos
Subdivisión general Monitoreo
650 ## - ASIENTO SECUNDARIO DE MATERIA - TERMINO TEMATICO
Término temático o nombre geográfico como elemento de entrada Contaminación del agua
Subdivisión general Mediciones
650 ## - ASIENTO SECUNDARIO DE MATERIA - TERMINO TEMATICO
Término temático o nombre geográfico como elemento de entrada Recursos hídricos
Subdivisión de forma guías
942 ## - ELEMENTOS ADICIONALES (KOHA)
Sistema de clasificación Dewey Decimal Classification
Tipo de ítem Impreso
Existencias
Withdrawn status Lost status Sistema de Clasificación Damaged status No para préstamo Colección Inventariado Ubicación Permanente Ubicación actual Fecha de adquisición Fuente de Valor Valor Total Checkouts Número topográfico Inventario / Código de Barras Date last seen Ejemplar Price effective from Forma de adquisición Tipo de material
    Dewey Decimal Classification     General Inventariado 2017 Bogotá Bogotá 29/04/2014 Instituto 39000.00   LB-333.91 M74 059586 29/04/2014 Ej. 1 29/04/2014 Canje Libro